Quizzes
Events
Quiz Creation
Community
Videos
Private Events
Remove Ads
Sign In
Join for FREE
Feedback
Dark Mode
Quiz Categories
Sports
Geography
Music
Movies
Television
Just For Fun
Miscellaneous
History
Literature
Language
Science
Gaming
Entertainment
Religion
Holiday
For Kids
Quiz Lab
Recent
Popular Today
Quiz Kudos Today
Editor Picks
Curator Picks
Quizzes by...
Day
Popularity
Type
Ratings
Length
Year
Community
Subscriptions
Recent Discussions
Orange Saloon
Badges
Playlists
Quests
Create
Leaderboards
Showdown
Live 5
Trivia Bingo
Activity
Puzzle Library
Sporcle Events
Private Events
Virtual Trivia
Globe League
Become a Host
Pub Owners
SporcleCon
Opinionation
Our Games
Videos
Blog
Mobile Apps
Partnerships
Remove Ads and Go Orange
Feedback
Gaming
Video Games
Board Games
Card Games
Pokémon
Mario
Nintendo
Minecraft
Console
Toys
Legend of Zelda
Gaming
Video Games
Board Games
Card Games
Pokémon
Mario
Nintendo
Minecraft
Console
Toys
Legend of Zelda
Random Quiz
Search Sporcle
×
Quiz Lab
Quiz Lab
Gaming
Actor
Type in answers that appear in a list
Type in answers that appear in a list
Classic
Best Score? Go Orange.
Metal Gear Solid 4 - Voice Actors Stats
Can you name the Metal Gear Solid 4 - Voice Actors?
By
ididforher
10m
23 Questions
3 Plays
3 Plays
3 Plays
Comments
Comments
Give Quiz Kudos
Give Quiz Kudos
-
- Ratings
hide this ad
Replay
Link that replays current quiz
Next Quiz
Link to next quiz in quiz playlist
You Got
0%
They Got
Avg Score
24%
Avg Friend Score
Upgrade to see
Score Distribution
Jump to the score distribution portion of the page
Score
0/23
Timer
10:00
0
Plays Today
Hint
Answer
% Correct
Old Snake
David Hayter
100%
Hal Emmerich
Christopher Randolph
66.7%
Naomi Hunter
Jennifer Hale
66.7%
Raiden
Quinton Flynn
33.3%
Liquid Ocelot
Patric Zimmerman
33.3%
Vamp
Phil LaMarr
33.3%
Roy Campbell
Paul Eiding
33.3%
Rosemary
Lara Cody
33.3%
Mei Ling
Kim Mai Guest
33.3%
Meryl Silverburgh
Debi Mae West
33.3%
Ed
Dave Fennoy
33.3%
Johnny
Beng Spies
33.3%
Hint
Answer
% Correct
Big Boss
Richard Doyle
33.3%
EVA
Lee Merriweather
0%
Drebin
Khary Payton
0%
Sunny
Christina Puccelli
0%
Little John
Tara Strong
0%
Jonathan
James Sie
0%
Laughing Octopus
Paula Tiso
0%
Raging Raven
Nika Futterman
0%
Crying Wolf
Debra Wilson Skelton
0%
Screaming Mantis
Andrea Zafra
0%
Psycho Mantis
Doug Stone
0%
Quiz Playlist
Details
Report
Send in Message
Add To Playlist
Classic:
Type in answers that appear in a list
Last Updated: Feb 16, 2017
Quiz Scoreboard
CHALLENGE
Sign Up to Join the Scoreboard
Show All
Scores
Hide
Comments
May contain spoilers
Recently Published
Movies - When Are They Set?
by FPL_Elf
Movies
5m
Popular People in 1961
by mucciniale
History
6m
1-10 Letter E Words III
by El_Dandy
Language
2m
More to Explore
Quiz From the Vault
Featured Blog Post
Where Did the Easter Bunny Come From?
hide this ad
You Might Also Like...
Tags
Actor Quiz
gear
metal
Metal Gear
solid
Voice
Today's Top Quizzes in Gaming
Browse Gaming
hide this ad
Today's Top Quizzes in Actor
Browse Actor
Top Contributed Quizzes in Gaming
1
Destiny 2 exotic weapons by perk icons
2
Ultimate Genshin Impact Logic Puzzle (up to 4.3)
3
Genshin Impact Logic Puzzle Quiz
4
Who's on the WWE 2K24 Cover?
5
Windmill: Pokémon
6
Franchise by Action Figure
7
Legendary or Exotic?
8
Overwatch 2: Ultimate Ability Icons
9
Overwatch 2 Heroes by Selection Quote
10
Genshin murder mystery
Explore More
Trending Topics
NBA
Kpop
Marvel
Anime
Harry Potter
Crossword
Disney
NFL
Pokémon
Song
Puzzle
Country
Soccer
WWE
The Office
hide this ad
More By:
ididforher
Quiz
Plays
Rating
Category
Featured
Created
Know Your Fusion - Steven Universe
160
5.00
Television
Nov 2, 2016
List of Presidents
139
1.00
History
Nov 11, 2016
Cast of Steven Universe
133
Television
Nov 1, 2016
List of Vice Presidents
91
History
Nov 11, 2016
Guess the MLP Episode (Involves Spoilers)
87
1.00
Television
Nov 1, 2016
Go to Creator's Profile
Score Distribution
Quiz Creator Spotlight
ididforher
Follow
Send a Message
Quizzes Created
-
Created Quiz Play Count
-
More By This Creator
Popular Quizzes Today
1
Find the Countries of Europe - No Outlines Minefield
2
Find the US States - No Outlines Minefield
3
The Countries of the World
4
Popular People in 1961
5
US States
6
1-10 Letter E Words III
7
Find the US States
8
One Thing in Common: World Cities II
More Gaming Quizzes
You Only Need One! (Video Game Characters)
Editor's Pick
Trending Quizzes
Risky Map Clicking: Least Populous States A-Z
1-10 Letter F Words
Humor Books: The Subtitles
1-10 Letter G Words
One Thing in Common: United Kingdom
Recently Updated
Leaping Animals
pecheneg
Reality TV Shows (A-Z)
bhenderson79
Rickey Henderson's Hall of Fame Teammates
pecheneg
Champions League XIs: Arsenal
pecheneg
Quick Pick: Celebrities in WWE's Hall of Fame
aduchscher
A-Z Keypad Blitz II
pecheneg
Multiple Oscar Actors
pecheneg
Mystery Phrase Blitz: Oscar 'Best Actors'
pecheneg
F. Scott Fitzgerald Novels
LTH
Pick 3 Villains
ddd62291
Trending Topics
Disney
Anime
Crossword
NBA
Marvel
Harry Potter
Kpop
Pokémon
NFL
WWE
Country
The Office
Song
Soccer
Puzzle
Your Account Isn't Verified!
In order to create a playlist on Sporcle, you need to verify the email address you used during registration. Go to your
Sporcle Settings
to finish the process.
Report this User
Report this user for behavior that violates our
Community Guidelines
.
Details:
Send Report
Go to the Sporcle.com Mobile Site →
Comments